Регионална библиотека "Любен Каравелов" - Русе

Тайните общества на всички времена и народи (Запис номер 69460)

MARC детайли
000 -Лидер
Контролно поле с фиксирана дължина 02057nam a2200385 c 4500
003 - Код на организацията, давaща контролен номер
Контролно поле BLK
005 - Дата и час на последна редакция
Контролно поле 20211016162226.0
008 - Елементи от данни с фиксирана дължина
fixed length control field 180408b bul|||||r ||||||| ||bul||
010 ## - Наследен системен номер
LC control number KNG00073807000
020 ## - Международен стандартен номер на книга ISBN
Международен стандартен номер на книга ISBN 978-954-787-034-5
-- издат.: Мириам - на том(т. 3)
040 ## - Източник на каталожния запис
Идентификатор на билиотеката - собственик на записа BLK
041 ## - Код за език
Код за езика на текст/звукозапис или на отделно заглавие Български
Код за езика КДБФ Български
080 ## - УДК
Текстов определител УДК Организации, асоциации, движения със специални цели и/или области на дейност. Професионални асоциации(Ку-клукс-клан, масони, окултни движения, орден на тамплиерите).
УДК код - определител по УДК 061.23
УДК определител (100)(091)
УДК - код + определител 061.23(100)(091)
100 1# - Редна дума - Автор
Автор Хекеторн, Чарлз Уилям
Авторска отговорност първи автор
R(LIN) 136695
139 ## - Редно поле
Редна дума Хекеторн, Чарлз Уилям
Авторски знак Хек - Х 39
245 10 - Сведения за заглавието
Заглавие Тайните общества на всички времена и народи
Подзаглавни данни Т. 1 -
Редно поле (дума) Чарлз Уилям Хекеторн; прев. Явор Иванов.
Том Т. 3
Заглавие на том От франкмасонството до тайните политически общества
257 ## - Страна на издаване
Страна на създаване/издаване Великобритания
260 ## - Област на издателските данни
-- София
Година на издаване 2006 -
Печатница София : Алианс принт
300 ## - Физическа характеристика
Размери/Мащаб 23 см
380 ## - Жанр
Жанр Общ отдел
490 1# - СЕРИИ (Колекции)
Име на серия Библиотека Философският камък
500 ## - Общи забележки
Забележка Ориг. загл. Secret Societies of all Ages and Countries / Charles William Heckethorn
650 #4 - Допълнително описание по предмет – тема
Основно описание – тема или топоним Тайни общества
9 (RLIN) 251393
653 ## - Ключова дума – ненормативна
Ключова дума франкмасонство
653 ## - Ключова дума – ненормативна
Ключова дума ритуали
653 ## - Ключова дума – ненормативна
Ключова дума обичаи
653 ## - Ключова дума – ненормативна
Ключова дума церемониал
700 1# - Други автори (авторска отговорност)
Лично име Иванов, Явор
Автороска отговорност (Описва отношението между автора и произведението) прев.
9 (RLIN) 368106
760 1# - Описание на основната серия
-- - на том(т. 3)
Редна дума на основното описание Хекеторн, Чарлз Уилям
Място на издаване, издател и година Мириам, 2006
Страници - том 458 с. : със сн., ил., к.
Заглавие Т. 3 От франкмасонството до тайните политически общества
852 ## - Местоположение
Форматна сигнатура Цб 230139
856 4# - Електронен адрес и достъп
Електронен формат pdf - файл
Път до файла /url/
856 4# - Електронен адрес и достъп
Електронен формат pdf - файл
Път до файла /url/
942 ## - АРТИКУЛИ
Вид на библиотечния материал Книги
Скрит в OPAC Не
Koha issues (borrowed), all copies 2
944 ## - СЪЗДАВАНЕ И РЕДАКЦИЯ на ЗАПИСА
Създаване/Редакция Създаване
Дата на регистрацията/редакция 05.04.2007
Служител, извършил регистрацията/редакцията Геновева_Генчева
944 ## - СЪЗДАВАНЕ И РЕДАКЦИЯ на ЗАПИСА
Създаване/Редакция Редакция
Дата на регистрацията/редакция 21.07.2008
Служител, извършил регистрацията/редакцията
999 ## - СИСТЕМНИ КОНТРОЛНИ НОМЕРА
Koha biblionumber 69460
Koha biblioitemnumber 69460
Наличности
Код за отписване Код за изгубен артикул Код за повреда Коз за рестрикции Код за отдаване Артикулен № Име на библиотеката - собственик Име на библиотеката, в която се намира в момента Статус (Текущо местоположение) Дата на вписване в системата Местоположение - отдел Цена в лева Инвентарен номер Систематично азбучна сигнатура Баркод Номер на екземпляра Цена в евро Служебна бележка Служебен тип на артикула Източник на класификационната схема
  Не е изгубен Не е повреден без рестрикции заемане за дома 113929 Регионална библиотека "Любен Каравелов" Русе Регионална библиотека "Любен Каравелов" Русе Заемна - подръчен фонд 2007-04-05 Заемна - подръчен фонд 21.90 120000712090 П 06/Х 39 120000712090 1 11.20 Дост: Pk Вид: Ф N: 3178 Дата: 04.04.2007 Дата инв: 01.02.2018 Бележки инв: П2018 Книги  
  Не е изгубен Не е повреден без рестрикции ползва се в читалня 113930 Регионална библиотека "Любен Каравелов" Русе Регионална библиотека "Любен Каравелов" Русе Хранилище 2008-06-03 Хранилище 21.90 120000726778 Цб 230139 120000726778 2 11.20 Дост: Dp Вид: Д N: 16 Дата: 19.03.2008 Книги  
  Не е изгубен Не е повреден без рестрикции ползва се в читалня 113931 Регионална библиотека "Любен Каравелов" Русе Регионална библиотека "Любен Каравелов" Русе Читалня 2008-07-18 Читалня 21.90 120000727529 Ч 06/Х 39 120000727529 3 11.20 Дост: Pk Вид: Ф N: 5997 Дата: 16.07.2008 Дата инв: 21.03.2017 Бележки инв: Ч2017 Книги Universal Decimal Classification
Vip Innovations Ltd, Rousse, Bulgaria 2025